[Event "Novi Sad Serbia op-B"]
[Site "Novi Sad"]
[Date "2022.07.01"]
[Round "4"]
[White "Batbold, Nyamsuren"]
[Black "Andrijevic, Milan"]
[Result "1-0"]
[WhiteElo "1954"]
[BlackElo "2184"]
[PlyCount "69"]
[EventDate "2022.06.28"]
[EventType "swiss"]
[EventRounds "9"]
[EventCountry "SRB"]
[SourceTitle "EXT 2023"]
[Source "ChessBase"]
[SourceDate "2022.10.05"]
[SourceVersion "1"]
[SourceVersionDate "2022.10.05"]
[SourceQuality "1"]

1. d4 d5 2. c4 e6 3. Nf3 Nf6 4. g3 c5 5. cxd5 exd5 6. Bg2 Nc6 7. 0-0 Be7 8. Nc3 0-0 9. dxc5 Bxc5 10. Na4 Be7 11. Be3 b6 12. Nd4 Nxd4 13. Bxd4 Bb7 14. Rc1 Qd7 15. Nc3 Ne4 16. Nxe4 dxe4 17. Bxg7 Qxd1 18. Rfxd1 Rfd8 19. Bc3 Rxd1+ 20. Rxd1 Rd8 21. Rxd8+ Bxd8 22. Bh3 h5 23. Bf5 h4 24. a3 hxg3 25. fxg3 Bg5 26. h4 Be3+ 27. Kf1 Bc5 28. Bf6 Bd5 29. g4 Be6 30. Bxe6 fxe6 31. Be5 Be7 32. h5 b5 33. Kf2 Bg5 34. b3 Kh7 35. Kg3 1-0

[Event "Novi Sad Serbia op-B"]
[Site "Novi Sad"]
[Date "2022.06.30"]
[Round "3"]
[White "Andrijevic, Milan"]
[Black "Cuzovic, Ognjen"]
[Result "1-0"]
[WhiteElo "2184"]
[BlackElo "1960"]
[PlyCount "57"]
[EventDate "2022.06.28"]
[EventType "swiss"]
[EventRounds "9"]
[EventCountry "SRB"]
[SourceTitle "EXT 2023"]
[Source "ChessBase"]
[SourceDate "2022.10.05"]
[SourceVersion "1"]
[SourceVersionDate "2022.10.05"]
[SourceQuality "1"]

1. e4 c6 2. d4 d5 3. exd5 cxd5 4. c4 Nf6 5. Nc3 Nc6 6. Nf3 Bg4 7. Be3 e6 8. h3 Bh5 9. c5 Be7 10. Bb5 0-0 11. Bxc6 bxc6 12. g4 Bg6 13. Ne5 Qc7 14. h4 Ne4 15. Nxg6 hxg6 16. Nxe4 dxe4 17. Qd2 Rad8 18. h5 Bxc5 19. hxg6 Bxd4 20. Bxd4 e5 21. Qe3 fxg6 22. Bc3 Qf7 23. Rd1 Rxd1+ 24. Kxd1 Qxa2 25. Kc2 Qa4+ 26. Kb1 Rd8 27. Qc5 Rd5 28. Qe7 c5 29. Qe6+ 1-0

[Event "Belgrade Premier League"]
[Site "Belgrade"]
[Date "2021.10.07"]
[Round "6.1"]
[White "Andrijevic, Milan"]
[Black "Milosevic, Milos"]
[Result "0-1"]
[WhiteElo "2195"]
[BlackElo "2311"]
[PlyCount "92"]
[EventDate "2021.10.01"]
[EventType "team-tourn"]
[EventRounds "11"]
[EventCountry "SRB"]
[SourceTitle "CBM 204 Extra"]
[Source "ChessBase"]
[SourceDate "2021.11.30"]
[SourceVersion "1"]
[SourceVersionDate "2021.11.30"]
[SourceQuality "1"]
[WhiteTeam "Romanticari"]
[BlackTeam "Belgrade Turbina"]
[WhiteTeamCountry "SRB"]
[BlackTeamCountry "SRB"]

1. e4 e6 2. Nf3 d5 3. exd5 exd5 4. d4 Nf6 5. c4 Bb4+ 6. Nc3 0-0 7. Bg5 Re8+ 8. Be2 dxc4 9. 0-0 Bxc3 10. bxc3 b5 11. a4 c6 12. Ne5 Qd6 13. Bxf6 gxf6 14. Nxf7 Kxf7 15. Bh5+ Kf8 16. Bxe8 Kxe8 17. Qh5+ Kd8 18. axb5 Qd5 19. Qxh7 cxb5 20. Rxa7 Rxa7 21. Qxa7 Nc6 22. Qb6+ Kd7 23. Re1 b4 24. cxb4 Nxd4 25. Qxf6 Kc7 26. Qf4+ Kc6 27. Qe3 Bf5 28. h4 Kb5 29. Qe7 Ka4 30. Re5 Qd7 31. Qxd7+ Bxd7 32. Rd5 Ne2+ 33. Kf1 Bg4 34. h5 c3 35. f3 Be6 36. Rd1 Ng3+ 37. Ke1 Nxh5 38. Rd4 Kb3 39. Rd6 Bc4 40. Rd1 Nf4 41. Kf2 c2 42. Rh1 Kc3 43. g3 Ne2 44. Ke3 Nxg3 45. Rc1 Nf5+ 46. Ke4 Bd3+ 0-1

[Event "Vojvodina op 11th"]
[Site "Novi Sad"]
[Date "2021.07.30"]
[Round "8"]
[White "Andrijevic, Milan"]
[Black "Sharan, Rao"]
[Result "0-1"]
[WhiteElo "2207"]
[BlackElo "2033"]
[PlyCount "54"]
[EventDate "2021.07.25"]
[EventType "swiss"]
[EventRounds "9"]
[EventCountry "SRB"]
[SourceTitle "CBM 203 Extra"]
[Source "ChessBase"]
[SourceDate "2021.09.30"]
[SourceVersion "1"]
[SourceVersionDate "2021.09.30"]
[SourceQuality "1"]

1. e4 e6 2. d4 d5 3. exd5 exd5 4. Nf3 Nf6 5. c4 Bb4+ 6. Nc3 0-0 7. a3 Re8+ 8. Be3 Bxc3+ 9. bxc3 Ng4 10. Qd2 Nxe3 11. fxe3 Be6 12. Be2 dxc4 13. e4 c6 14. 0-0 b5 15. Ng5 f6 16. Nxe6 Rxe6 17. Bf3 Nd7 18. Qf4 Nf8 19. Bg4 Re7 20. Bf5 Qc7 21. Qh4 Qd6 22. a4 a5 23. Qg3 Qxg3 24. hxg3 b4 25. d5 c5 26. d6 Re5 27. d7 Rd8 0-1

[Event "Vojvodina op 11th"]
[Site "Novi Sad"]
[Date "2021.07.27"]
[Round "4"]
[White "Andrijevic, Milan"]
[Black "Shivika, Rohilla"]
[Result "1/2-1/2"]
[WhiteElo "2207"]
[BlackElo "1915"]
[PlyCount "70"]
[EventDate "2021.07.25"]
[EventType "swiss"]
[EventRounds "9"]
[EventCountry "SRB"]
[SourceTitle "CBM 203 Extra"]
[Source "ChessBase"]
[SourceDate "2021.09.30"]
[SourceVersion "1"]
[SourceVersionDate "2021.09.30"]
[SourceQuality "1"]

1. e4 e5 2. Nf3 Nc6 3. Bb5 a6 4. Ba4 Nf6 5. 0-0 Nxe4 6. d4 b5 7. Bb3 d5 8. dxe5 Be6 9. Qe2 Be7 10. Rd1 0-0 11. c4 bxc4 12. Bxc4 Bc5 13. Be3 Bxe3 14. Qxe3 Qb8 15. Bb3 Qb6 16. Qxb6 cxb6 17. Na3 Rfd8 18. Nc2 Na5 19. Nb4 Nc4 20. Bxc4 dxc4 21. Nxa6 Rxd1+ 22. Rxd1 h6 23. Nb4 Ra4 24. a3 c3 25. bxc3 Rxa3 26. Re1 Nxc3 27. Nd4 Ra4 28. Nbc2 Bd5 29. Ra1 Rc4 30. f3 b5 31. Ra6 Ne2+ 32. Nxe2 Rxc2 33. Nd4 Rb2 34. Nf5 Be6 35. Nd4 Bd5 1/2-1/2

[Event "Vojvodina op 11th"]
[Site "Novi Sad"]
[Date "2021.07.25"]
[Round "1"]
[White "Nikolic, Predrag N"]
[Black "Andrijevic, Milan"]
[Result "1/2-1/2"]
[WhiteElo "1932"]
[BlackElo "2207"]
[PlyCount "41"]
[EventDate "2021.07.25"]
[EventType "swiss"]
[EventRounds "9"]
[EventCountry "SRB"]
[SourceTitle "CBM 203 Extra"]
[Source "ChessBase"]
[SourceDate "2021.09.30"]
[SourceVersion "1"]
[SourceVersionDate "2021.09.30"]
[SourceQuality "1"]

1. e4 c5 2. Nf3 e6 3. d4 cxd4 4. Nxd4 a6 5. Bd3 Nc6 6. c3 Qc7 7. Be3 Nf6 8. Nd2 d5 9. Nxc6 bxc6 10. f4 dxe4 11. Bxe4 Nxe4 12. Nxe4 c5 13. 0-0 Bb7 14. Qc2 Qc6 15. Ng5 Be7 16. Nf3 0-0 17. Rad1 Rad8 18. Ne5 Qc7 19. Qf2 Rxd1 20. Rxd1 Rd8 21. Rxd8+ 1/2-1/2

[Event "Belgrade-chT"]
[Site "Belgrade"]
[Date "2020.10.10"]
[Round "6.1"]
[White "Andrijevic, Milan"]
[Black "Tadic, Stefan"]
[Result "0-1"]
[WhiteElo "2221"]
[BlackElo "2257"]
[PlyCount "90"]
[EventDate "2020.10.04"]
[EventType "team-tourn"]
[EventRounds "9"]
[EventCountry "SRB"]
[SourceTitle "EXT 2022"]
[Source "ChessBase"]
[SourceDate "2021.10.06"]
[SourceVersion "1"]
[SourceVersionDate "2021.10.06"]
[SourceQuality "1"]
[WhiteTeam "Romanticari"]
[BlackTeam "Tadic"]
[WhiteTeamCountry "SRB"]
[BlackTeamCountry "SRB"]

1. e4 c5 2. Nf3 e6 3. d4 cxd4 4. Nxd4 Nf6 5. Nc3 Nc6 6. Nxc6 bxc6 7. Bd3 d5 8. 0-0 Be7 9. e5 Nd7 10. f4 0-0 11. Qe2 g6 12. b3 Nc5 13. Bb2 a5 14. Qf2 a4 15. Rfd1 Nxd3 16. Rxd3 axb3 17. cxb3 Qa5 18. Kh1 Ba6 19. Rh3 f5 20. Na4 c5 21. Ba3 Rfc8 22. Bc1 Bb5 23. Bd2 Qa6 24. Nb2 d4 25. a4 Bc6 26. Nc4 Rab8 27. Rc1 Be4 28. Qe2 d3 29. Rxd3 Bxd3 30. Qxd3 Rd8 31. Qc2 Qb7 32. Rb1 Qe4 33. Qxe4 fxe4 34. Kg1 Rd3 35. a5 Rdxb3 36. Rxb3 Rxb3 37. a6 Rb8 38. Na5 Ra8 39. Nc6 Bd8 40. a7 Bb6 41. Kf2 Bxa7 42. Ke3 Bb6 43. Kxe4 Kf7 44. Kd3 Rc8 45. Na5 Rd8+ 0-1

[Event "Bosnjaci op 25th"]
[Site "Bosnjaci"]
[Date "2020.01.05"]
[Round "4"]
[White "Andrijevic, Milan"]
[Black "Caric, Mato"]
[Result "1-0"]
[WhiteElo "2223"]
[BlackElo "2055"]
[PlyCount "95"]
[EventDate "2020.01.03"]
[EventType "swiss"]
[EventRounds "9"]
[EventCountry "CRO"]
[SourceTitle "CBM 194 Extra"]
[Source "ChessBase"]
[SourceDate "2020.03.31"]
[SourceVersion "1"]
[SourceVersionDate "2020.03.31"]
[SourceQuality "1"]

1. e4 c5 2. Nf3 d6 3. d4 cxd4 4. Nxd4 Nf6 5. Nc3 a6 6. Be2 e5 7. Nb3 Be7 8. Be3 Be6 9. Nd5 Bxd5 10. exd5 Nbd7 11. c4 Rc8 12. 0-0 0-0 13. f4 exf4 14. Bxf4 Qb6+ 15. Qd4 Rfe8 16. Qxb6 Nxb6 17. Nd2 Bf8 18. Rfe1 h6 19. b3 g5 20. Bg3 Nbd7 21. Bd3 Ne5 22. Bf5 Rcd8 23. h3 Nh5 24. Bxe5 dxe5 25. Ne4 Kg7 26. Rf1 Nf4 27. g3 Ne2+ 28. Kg2 Nd4 29. Rf2 Be7 30. g4 b6 31. Ng3 Rd6 32. Raf1 Rf8 33. Bd3 f6 34. Ne4 Rd7 35. b4 f5 36. gxf5 Bxb4 37. h4 gxh4 38. Kh3 b5 39. f6+ Kh8 40. Rb1 bxc4 41. Bxc4 a5 42. a3 Bxa3 43. Rb6 Rc8 44. Ba2 Rc2 45. Rb8+ Kh7 46. Bb1 Rdc7 47. Bxc2 Nxc2 48. d6 1-0

[Event "Belgrade-chT"]
[Site "Belgrade"]
[Date "2019.09.28"]
[Round "6.3"]
[White "Savic, Dragoljub"]
[Black "Andrijevic, Milan"]
[Result "1/2-1/2"]
[WhiteElo "1985"]
[BlackElo "2255"]
[PlyCount "68"]
[EventDate "2019.09.23"]
[EventType "team-tourn"]
[EventRounds "11"]
[EventCountry "SRB"]
[SourceTitle "EXT 2020"]
[Source "ChessBase"]
[SourceDate "2019.10.17"]
[SourceVersion "1"]
[SourceVersionDate "2019.10.17"]
[SourceQuality "1"]
[WhiteTeam "Lasta"]
[BlackTeam "Grocka"]
[WhiteTeamCountry "SRB"]
[BlackTeamCountry "SRB"]

1. d4 d5 2. c4 e6 3. Nc3 Nf6 4. Bg5 Be7 5. e3 0-0 6. Nf3 Ne4 7. Bxe7 Qxe7 8. cxd5 Nxc3 9. bxc3 exd5 10. Qb3 c6 11. Bd3 Be6 12. Rb1 b6 13. 0-0 Nd7 14. Rfe1 Qd6 15. Ng5 Nf6 16. Nxe6 fxe6 17. f3 Kh8 18. e4 Nh5 19. exd5 exd5 20. Re5 Nf6 21. Rbe1 Rf7 22. Qc2 c5 23. Bf5 cxd4 24. cxd4 Qb4 25. Qf2 Rd8 26. Qh4 h6 27. Bg6 Rff8 28. Re7 Rd7 29. Rxd7 Nxd7 30. Qe7 Qxd4+ 31. Kf1 Qc4+ 32. Re2 Qc1+ 33. Re1 Qc4+ 34. Re2 Qc1+ 1/2-1/2

[Event "Belgrade Trophy 32nd"]
[Site "Belgrade"]
[Date "2018.11.27"]
[Round "4"]
[White "Andrijevic, Milan"]
[Black "Jandric, Damjan"]
[Result "1/2-1/2"]
[WhiteElo "2269"]
[BlackElo "2117"]
[PlyCount "120"]
[EventDate "2018.11.24"]
[EventType "swiss"]
[EventRounds "9"]
[EventCountry "SRB"]
[SourceTitle "CBM 187 Extra"]
[Source "ChessBase"]
[SourceDate "2018.11.04"]
[SourceVersion "1"]
[SourceVersionDate "2018.11.04"]
[SourceQuality "1"]

1. e4 c5 2. Nf3 d6 3. d4 cxd4 4. Nxd4 Nf6 5. Nc3 a6 6. Be2 e5 7. Nb3 Be7 8. Be3 Be6 9. Nd5 Nbd7 10. Qd3 Bxd5 11. exd5 0-0 12. 0-0 Re8 13. c4 g6 14. Rad1 b6 15. f4 b5 16. c5 exf4 17. Bxf4 dxc5 18. Qf3 Bf8 19. d6 Qb6 20. Bg5 Bg7 21. Kh1 Rad8 22. Nc1 h6 23. Be3 Ne5 24. Qf2 Ne4 25. Qf4 Nxd6 26. b4 Nf5 27. Bxc5 Qc6 28. Nd3 Nxd3 29. Bxd3 Qd5 30. Bc2 Qxa2 31. Bxf5 gxf5 32. Qxf5 Rxd1 33. Rxd1 Qe6 34. Qf4 Qe4 35. Qxe4 Rxe4 36. Kg1 Bc3 37. Rd6 Bxb4 38. Bxb4 Rxb4 39. Rxa6 Kg7 40. Kf2 Rb3 41. g4 Rc3 42. Rb6 Rc5 43. Kg3 h5 44. gxh5 Rxh5 45. Kg4 Rc5 46. h4 Rc4+ 47. Kg5 Rc5+ 48. Kg4 Rd5 49. h5 Rc5 50. Rb7 Rd5 51. h6+ Kxh6 52. Rxf7 Kg6 53. Rb7 Kf6 54. Kf4 Ke6 55. Ke4 Rh5 56. Kd4 Kd6 57. Rb6+ Kc7 58. Rg6 Rf5 59. Kc3 Rf4 60. Kb3 Rc4 1/2-1/2

[Event "Belgrade-chTB Quality"]
[Site "Belgrade"]
[Date "2018.11.04"]
[Round "11.1"]
[White "Andrijevic, Milan"]
[Black "Petrovic, Radenko"]
[Result "1/2-1/2"]
[WhiteElo "2269"]
[BlackElo "2024"]
[PlyCount "20"]
[EventDate "2018.09.29"]
[EventType "team-tourn"]
[EventRounds "11"]
[EventCountry "SRB"]
[SourceTitle "EXT 2022"]
[Source "ChessBase"]
[SourceDate "2021.10.06"]
[SourceVersion "1"]
[SourceVersionDate "2021.10.06"]
[SourceQuality "1"]
[WhiteTeam "Belgrade Romanticari"]
[BlackTeam "Belgrade Borca"]
[WhiteTeamCountry "SRB"]
[BlackTeamCountry "SRB"]

1. e4 c6 2. d4 d5 3. exd5 cxd5 4. Nf3 Nc6 5. Be2 Nf6 6. 0-0 Bg4 7. c3 e6 8. Nbd2 Bd6 9. Re1 0-0 10. Nf1 Qc7 1/2-1/2